00605nam a22001815i 450000100060000000300090000600500170001500700030003200800410003504000200007610000300009624501010012626000860022730000200031370000350033370000320036885200230040054134ES-MaACL20240518063026.0t|960715s1847 sp a ||||1| spa d aCAM bspa cCAM0 aFéval, Paul,d1816-188713aEl hijo del diablo / cpor Pablo Feval; traducción de Victor Balaguer y Francisco J. Orellana. aBarcelona : bImprenta y librería de la señora viuda e hijos de Mayol,c1847. a4 v. ; c17 cm.1 aBalaguer, Víctor,d1824-19011 aOrellana, Francisco José. aES-MaACLjD-2744-7